| 000 | 01347aam a22003491i 4500 | ||
|---|---|---|---|
| 999 |
_c28443 _d28414 |
||
| 001 | 019021833 | ||
| 003 | EG-ScBUE | ||
| 005 | 20200805114230.0 | ||
| 008 | 170117r20142013enka f b 001 0 eng d | ||
| 020 | _z9780141978109 | ||
| 040 |
_aTEFOD _beng _cTEFOD _dOCLCF _dEG-ScBUE _erda |
||
| 082 | 0 | 4 |
_a808.036 _bYOR _222 |
| 100 | 1 |
_aYorke, John _c(Television producer), _eauthor. |
|
| 245 | 1 | 0 |
_aInto the woods : _bhow stories work and why we tell them / _cJohn Yorke. |
| 264 | 1 |
_aLondon, England : _bPenguin Books, _c2014. |
|
| 300 |
_axvii, 309 pages : _billustrations (black and white) ; _c19 cm. |
||
| 336 |
_atext _2rdacontent _btxt |
||
| 337 |
_acomputer _2rdamedia _bn |
||
| 338 |
_aonline resource _2rdacarrier _bnc |
||
| 490 | 0 | _aPenguin books | |
| 500 | _aOriginally published: 2013 as "Into the woods : a five-act journey into story." | ||
| 500 | _aReprint of (manifestation): Into the woods / Yorke, John (Television producer). London : Penguin Books, 2013. | ||
| 504 | _aIncludes bibliographical references and index. | ||
| 588 | 0 | _aPrint version record. | |
| 650 | 7 |
_aMotion picture authorship _xPhilosophy. _2BUEsh |
|
| 650 | 7 |
_aTelevision authorship _xPhilosophy. _2BUEsh |
|
| 655 | 4 | _aElectronic books. | |
| 903 | _aELD.DS.319652 | ||
| 942 |
_2ddc _cBB |
||